| 000 | 00606nam a22001817a 4500 | ||
|---|---|---|---|
| 999 |
_c7391 _d7391 |
||
| 005 | 20211111112537.0 | ||
| 008 | 211111b ||||| |||| 00| 0 eng d | ||
| 020 | _a9788416372997 | ||
| 040 | _aCDMR | ||
| 100 |
_94691 _aVila-Sanjuán, Sergio |
||
| 245 |
_aBarcelona, la ciudad de los libros / _cSergio Vila-Sanjuán |
||
| 260 |
_aBarcelona: _bLa Vanguardia Ediciones, _c2021 |
||
| 300 |
_a83 pàgines : _bfotografies en blanc i negre ; _c17 cm |
||
| 490 | _aLibros de Vanguardia | ||
| 650 | 0 |
_93298 _aBarcelona (Catalunya) _xPolítica cultural |
|
| 650 | 0 |
_93457 _aEditors _zBarcelona |
|
| 942 |
_2udc _cMON |
||